| 000 | 00646nam a2200193 i 4500 | ||
|---|---|---|---|
| 001 | 112181 | ||
| 003 | ES-MaACL | ||
| 005 | 20230906185447.0 | ||
| 007 | t| | ||
| 008 | 061121s1929 sp r ||||1| spa d | ||
| 100 | 1 |
_aOrtega, Manuel L. _987419 |
|
| 245 | 1 | 4 |
_aLos hebreos en Marruecos / _cManuel L. Ortega ; prólogo de Pedro Sáinz Rodríguez. |
| 260 |
_aMadrid : _bCompañía Ibero-Americana de Publicaciones, _c1929. |
||
| 300 |
_aIX, 369 p. ; _c19 cm. |
||
| 650 | 4 |
_aJudíos- _zMarruecos- _vHistoria. _9153035 |
|
| 700 | 1 |
_aSainz Rodríguez, Pedro, _d1898-1986 _9101608 |
|
| 852 |
_aES-MaACL _jB-21 _bR.8306 |
||
| 999 |
_c112181 _d112181 |
||